<?xml version="1.0" encoding="UTF-8"?>
<record
    xmlns:xsi="http://www.w3.org/2001/XMLSchema-instance"
    xsi:schemaLocation="http://www.loc.gov/MARC21/slim http://www.loc.gov/standards/marcxml/schema/MARC21slim.xsd"
    xmlns="http://www.loc.gov/MARC21/slim">

  <leader>     nam a22     7a 4500</leader>
  <datafield tag="999" ind1=" " ind2=" ">
    <subfield code="c">147367</subfield>
    <subfield code="d">147365</subfield>
  </datafield>
  <controlfield tag="005">20190315082536.0</controlfield>
  <controlfield tag="008">190301b        mx ||||| |||| 00| 0 spa d</controlfield>
  <datafield tag="050" ind1="0" ind2="4">
    <subfield code="a">KGF5528</subfield>
    <subfield code="b">C66 2008</subfield>
  </datafield>
  <datafield tag="110" ind1="1" ind2=" ">
    <subfield code="a">Comisi&#xF3;n de Equidad y G&#xE9;nero.</subfield>
  </datafield>
  <datafield tag="245" ind1="1" ind2="0">
    <subfield code="a">Ley general de acceso de las mujeres a una vida libre de violencia</subfield>
    <subfield code="c">/ Comisi&#xF3;n de equidad y g&#xE9;nero.</subfield>
  </datafield>
  <datafield tag="250" ind1=" " ind2=" ">
    <subfield code="a">1a ed.</subfield>
  </datafield>
  <datafield tag="260" ind1=" " ind2=" ">
    <subfield code="a">M&#xE9;xico :</subfield>
    <subfield code="b">Senado de la Rep&#xFA;blica, LX Legislatura,</subfield>
    <subfield code="c">2008.</subfield>
  </datafield>
  <datafield tag="300" ind1=" " ind2=" ">
    <subfield code="a">48 p. ;</subfield>
    <subfield code="e">21 cm.</subfield>
  </datafield>
  <datafield tag="650" ind1=" " ind2="7">
    <subfield code="2">lemb</subfield>
    <subfield code="a">Violencia familiar</subfield>
    <subfield code="x">Leyes y legislaci&#xF3;n</subfield>
    <subfield code="z">M&#xE9;xico</subfield>
  </datafield>
  <datafield tag="650" ind1=" " ind2="4">
    <subfield code="a">Mujeres abusadas</subfield>
    <subfield code="x">Legislaci&#xF3;n</subfield>
    <subfield code="z">M&#xE9;xico</subfield>
  </datafield>
  <datafield tag="942" ind1=" " ind2=" ">
    <subfield code="2">lcc</subfield>
    <subfield code="c">LIB</subfield>
  </datafield>
  <datafield tag="952" ind1=" " ind2=" ">
    <subfield code="1">0</subfield>
    <subfield code="2">lcc</subfield>
    <subfield code="4">0</subfield>
    <subfield code="7">0</subfield>
    <subfield code="a">BCLC</subfield>
    <subfield code="b">BCLC</subfield>
    <subfield code="c">GENERAL</subfield>
    <subfield code="d">2019-03-01</subfield>
    <subfield code="e">DON</subfield>
    <subfield code="f">1a ed.</subfield>
    <subfield code="k">CSA</subfield>
    <subfield code="o">KGF5528 C66 2008</subfield>
    <subfield code="p">BCLC000001841</subfield>
    <subfield code="r">2019-03-01 00:00:00</subfield>
    <subfield code="t">1</subfield>
    <subfield code="y">LIB</subfield>
  </datafield>
</record>
